| 000 | 00657nam a2200181 4500 | ||
|---|---|---|---|
| 001 | 122407 | ||
| 003 | ES-MaACL | ||
| 005 | 20250824030112.0 | ||
| 007 | t| | ||
| 008 | 070214s1956 sz r ||||1| fre d | ||
| 100 | 1 |
_aPoyán Díaz, Daniel. _993515 |
|
| 245 | 1 | 0 |
_aÂme et esprit du théatre espagnol : _b[leçon inaugurale, prononcée le 1er. février 1956 à la faculté des Lettres de l'Université de Lausanne / _cDaniel Poyán Díaz. |
| 260 |
_aLausanne : _b[Université de Lausanne], _c1956 ( _fGráf. Bachende) |
||
| 300 |
_a27 p. ; _c17 cm. |
||
| 650 | 7 |
_aTeatro español _2embne _9136907 |
|
| 852 |
_aES-MaACL _j1979-F-5 |
||
| 999 |
_c122407 _d122407 |
||